[Event "AUTO-BEG-172"]
[Site "http://www.queenalice.com/game.php?id=392137"]
[Date "2008.4.23"]
[Round "2"]
[White "kahector"]
[Black "mg23campos"]
[Result "0-1"]
[WhiteElo "1769"]
[BlackElo "1647"]

1. e4 e5 2. Nf3 Nc6 3. Bb5 a6 4. Bxc6 dxc6 5. O-O h5 6. c3 h4 7. h3 Qf6 8. d4
Qg6 9. dxe5 Bxh3 10. Bg5 Bg4 11. Qd3 h3 12. g3 Bxf3 13. Qxf3 Qxg5 14. Kh2 Nh6
15. Rd1 Ng4+ 16. Kh1 Bc5 17. Rd2 Rd8 18. Rxd8+ Kxd8 19. Na3 Nxf2+ 20. Kh2 Ng4+
21. Kh1 h2 22. Rd1+ Kc8 23. Rf1 Nf2+ 24. Rxf2 Bxf2 25. Qf5+ Qxf5 26. exf5 Bxg3
27. e6 fxe6 28. fxe6 Bd6 29. Nc4 Be7 30. Ne3 g6 31. Ng4 Bd6 32. b4 b6 33. a3 c5
34. c4 Rf8 35. e7 Bxe7 36. Kxh2 cxb4 37. axb4 Bxb4 38. Kh3 a5 39. Ne5 a4 40.
Nxg6 Re8 41. Kg3 a3 0-1

[Event "AUTO-BEG-172"]
[Site "http://www.queenalice.com/game.php?id=392138"]
[Date "2008.4.23"]
[Round "2"]
[White "mg23campos"]
[Black "kahector"]
[Result "0-1"]
[WhiteElo "1706"]
[BlackElo "1748"]

1. e4 c5 2. Nf3 Nc6 3. Bc4 e6 4. d3 g6 5. Nc3 a6 6. Ng5 Bh6 7. h4 Nd4 8. Bf4 f6
9. Bd6 fxg5 10. Na4 gxh4 11. Be5 Nf6 12. c3 b5 13. cxd4 bxa4 14. Rxh4 Bg5 15.
Rh3 Qb6 16. b3 O-O 17. Qf3 Bb7 18. d5 exd5 19. exd5 d6 20. Bxf6 Bxf6 21. Kf1
Bxa1 22. Qe4 Bd4 23. f3 Rae8 24. Qh4 Qc7 25. Qh6 Qg7 26. Qg5 Be3 27. Qg3 Qa1+
28. Qe1 Qxa2 29. b4 Qd2 30. Qxd2 Bxd2 31. g4 cxb4 32. d4 Re1+ 33. Kf2 Rf4 34.
Rh4 Rxd4 35. Be2 b3 36. Rh3 Bxd5 37. f4 Rxf4+ 38. Kg3 Rxe2 39. Kh4 Rg2 40. Kg5
Rgxg4+ 41. Kh6 Rf3# 0-1

[Event "AUTO-BEG-167"]
[Site "http://www.queenalice.com/game.php?id=392463"]
[Date "2008.4.24"]
[Round "2"]
[White "kahector"]
[Black "patoche"]
[Result "0-1"]
[WhiteElo "1647"]
[BlackElo "2113"]

1. d4 d5 2. Nd2 Nc6 3. Ngf3 Nf6 4. c4 Bg4 5. h3 Bh5 6. g4 Bg6 7. Qb3 Na5 8. Qa4+
c6 9. cxd5 b5 10. Qb4 e6 11. Qc3 Nxd5 12. a3 Nxc3 0-1

[Event "AUTO-BEG-167"]
[Site "http://www.queenalice.com/game.php?id=392464"]
[Date "2008.4.24"]
[Round "2"]
[White "patoche"]
[Black "kahector"]
[Result "1-0"]
[WhiteElo "2148"]
[BlackElo "1771"]

1. e4 e5 2. Bc4 Nf6 3. Nc3 c6 4. d4 exd4 5. Qxd4 Be7 6. e5 Nd5 7. Nxd5 cxd5 8.
Qxd5 O-O 9. Bf4 Kh8 10. Nf3 Qb6 11. Bg5 Qxb2 12. O-O f6 13. Rab1 Qxc2 14. exf6
gxf6 15. Bh6 Re8 16. Ne5 1-0

[Event "AUTO-BEG-167"]
[Site "http://www.queenalice.com/game.php?id=392465"]
[Date "2008.4.24"]
[Round "2"]
[White "kahector"]
[Black "toninho89"]
[Result "0-1"]
[WhiteElo "1762"]
[BlackElo "2345"]

1. d4 d5 2. Nd2 Nf6 3. Ngf3 c5 4. dxc5 Nc6 5. c4 e5 6. e3 Bxc5 7. Be2 e4 8. Nd4
Nxd4 9. exd4 Bxd4 10. O-O O-O 11. Kh1 Be6 12. Nb3 Be5 13. f4 exf3 14. Rxf3 dxc4
15. Qxd8 Rfxd8 16. Nc5 Bd5 17. Rf5 Bd4 18. Na4 Re8 19. Nc3 Bxc3 20. bxc3 Rxe2
21. Bg5 Rae8 22. Rg1 Rxg2 23. Bxf6 Ree2 24. Rxg2 Re1+ 0-1

[Event "AUTO-BEG-167"]
[Site "http://www.queenalice.com/game.php?id=392466"]
[Date "2008.4.24"]
[Round "2"]
[White "toninho89"]
[Black "kahector"]
[Result "1-0"]
[WhiteElo "2362"]
[BlackElo "1756"]

1. e4 e5 2. Nf3 d6 3. d4 Bg4 4. Bc4 g6 5. h3 Bxf3 6. Qxf3 Nf6 7. Bg5 Bg7 8. Nc3
h6 9. Bxf6 Qxf6 10. Qxf6 Bxf6 11. Nd5 Bd8 12. dxe5 dxe5 13. O-O-O O-O 14. Kb1
Kg7 15. Rhf1 Nc6 16. c3 Na5 17. Be2 c6 18. Ne3 Bg5 19. b4 b6 20. bxa5 bxa5 21.
Nc4 a4 22. Nxe5 Bf6 23. Nxc6 Bxc3 24. Rd3 Bf6 25. e5 Bg5 26. Rd7 a6 27. Bf3 a3
28. Bd5 Rac8 29. f4 Bh4 30. Rf3 Be1 31. Rxa3 Rxc6 32. Bxc6 Rb8+ 33. Kc2 Rc8 34.
Rxa6 Bg3 35. e6 Bxf4 36. Rxf7+ Kg8 37. Rxf4 1-0